000
00276nam a22001337a 4500
008
170823b xxu||||| |||| 00| 0 eng d
020
_a
0521272742
041
_a
eng
080
_a
51
100
_a
38
101
_a
MAT
245
_a
SKEW FIELDS
_c
DRAXL,P.K
942
_2
udc
_c
BK
999
_c
24663
_d
24663